000 00219nam a22000977a 4500
082 _a823
_bROW/H
100 _aROWLING, J K
245 _aHARRY POTTER AND THE CHAMBER OF SECRETS
650 _aENGLISH STORY BOOK
942 _cBK
999 _c7676
_d7676